International capital markets: systemic issues in international finance

Guardat en:
Dades bibliogràfiques
Autors principals: Goldstein, Morris (Autor), Folkerts-Landau, David (Autor)
Format: Llibre
Idioma:anglès
Publicat: Washington, D.C International Monetary Find 1993
Col·lecció:World Economic and Financial Surweys
Matèries:
Etiquetes: Afegir etiqueta
Sense etiquetes, Sigues el primer a etiquetar aquest registre!

MARC

LEADER 00000nam a2200000 a 4500
001 UCX7930
003 CL-VaPUC
008 940113e19930000US |||||||||||||||||eng|d
082 0 4 |a 332.15  |b GOL  |2 21 
100 0 |a Goldstein, Morris  |e author  |9 324911 
700 0 |a Folkerts-Landau, David  |e author  |9 324912 
245 1 0 |a International capital markets: systemic issues in international finance 
300 |a 106 p 
942 |c BK 
945 |d 19940113 00:00:00  |a mfernand 
260 |a Washington, D.C  |b International Monetary Find  |c 1993 
650 0 |a Finanzas internacionales   |9 255570 
650 7 |a MOVIMIENTOS DE CAPITAL  |2 CL-VaPUC  |9 317401 
650 0 |a Bancos internacionales  |9 317894 
650 7 |a PRESTAMOS INTERNACIONALES  |2 CL-VaPUC  |9 318076 
583 |a last modification  |c 19940113 00:00:00  |k Rodrigo Vera 
490 0 |a World Economic and Financial Surweys 
999 |c 227595  |d 227593 
952 |0 0  |1 0  |4 0  |6 332_150000000000000_GOL_1993  |7 0  |8 P  |9 226714  |a BIBMEC  |b BIBMEC  |d 2019-11-15  |i 2946815  |o 332.15 GOL 1993  |p 2946815  |r 2019-11-15  |w 2019-11-15  |y BK  |k MEC